| 000 | 00455nam a2200181Ia 4500 | ||
|---|---|---|---|
| 003 | LK-CoDNM | ||
| 005 | 20240821095339.0 | ||
| 008 | 010623t1823 xxu||||| |||| 00| 1 eng d | ||
| 040 |
_aLK-CoDNM _dLK-CoDNM _eLK-CoDNM |
||
| 041 | _aeng | ||
| 080 |
_a7 _bH18 |
||
| 100 | _aBentley,John | ||
| 245 | _aHindu Astronomy | ||
| 260 |
_bBaptist Mission Press _aCalcutta _c1823 |
||
| 300 | _bXXVII, 228P. : 9ILL ; 26 cm | ||
| 650 | _aAstronomy | ||
| 942 | _cBK | ||
| 999 |
_c81013 _d81013 |
||